000 00200nam a2200073Ia 4500
008 170817s9999 xx 000 0 und d
100 _aTIRPHATI GOPAL
245 0 _aMANOVIGIYAN EVAM SHIKSHA MEN SODH PADHTIYAN
260 _bH. P. BHARGAV
999 _c37549
_d37549